| 000 | 00901cam a22002174a 4500 | ||
|---|---|---|---|
| 020 | _a0072875577 (pbk.) | ||
| 020 | _a0072884614 (DVD) | ||
| 040 | _cDLC | ||
| 082 | 0 | 0 | _a339 MCG 2005 A064 Or. |
| 100 | 1 | _aMcConnell, Campbell R. | |
| 245 | 1 | 0 |
_aMacroeconomics : _bprinciples, problems, and policies / |
| 246 | 1 | _aPaul Solman videos for use with economics, macroeconomics, microeconomics | |
| 246 | 1 | _aDiscoverEcon with Paul Solman videos | |
| 250 | _a16th ed. | ||
| 260 |
_aBoston : _bMcGraw-Hill/Irwin, _cc2005. |
||
| 300 |
_a1 v. (various pagings) : _bcol. ill. ; _c26 cm. + _e1 videodisc (DVD, ca. 255 min. : sd., col. ; 4 3/4 in.) |
||
| 500 | _a"16th ed. is accompanied by ... DiscoverEcon with Paul Solman Videos ... which consists of video tutorials by Paul Solman, interactive exercises, and testing"--P. vii. | ||
| 650 | 0 | _aMacroeconomics. | |
| 700 | 1 | _aBrue, Stanley L., | |
| 942 | _cEK | ||
| 999 |
_c13915 _d13915 |
||